Psychology and adult learning / (Record no. 10931)

MARC details
000 -LEADER
fixed length control field 01568cam a22004454a 4500
001 - CONTROL NUMBER
control field 13909320
003 - CONTROL NUMBER IDENTIFIER
control field OSt
005 - DATE AND TIME OF LATEST TRANSACTION
control field 20211008154326.0
008 - FIXED-LENGTH DATA ELEMENTS--GENERAL INFORMATION
fixed length control field 050323s2006 enk b 001 0 eng
010 ## - LIBRARY OF CONGRESS CONTROL NUMBER
LC control number 2005007835
020 ## - INTERNATIONAL STANDARD BOOK NUMBER
International Standard Book Number 0415373344 (hardback : alk. paper)
020 ## - INTERNATIONAL STANDARD BOOK NUMBER
International Standard Book Number 9780415373340 (hardback : alk. paper)
020 ## - INTERNATIONAL STANDARD BOOK NUMBER
International Standard Book Number 0415373352 (pbk. : alk. paper)
020 ## - INTERNATIONAL STANDARD BOOK NUMBER
International Standard Book Number 9780415373357 (pbk. : alk. paper)
035 ## - SYSTEM CONTROL NUMBER
System control number (OCoLC)ocm58789987
035 ## - SYSTEM CONTROL NUMBER
System control number (OCoLC)58789987
040 ## - CATALOGING SOURCE
Original cataloging agency DLC
Transcribing agency HU
Modifying agency DLC
042 ## - AUTHENTICATION CODE
Authentication code pcc
050 00 - LIBRARY OF CONGRESS CALL NUMBER
Classification number BF724.85.C64
Item number T46 2006
082 00 - DEWEY DECIMAL CLASSIFICATION NUMBER
Classification number 155.6
Edition number 22
084 ## - OTHER CLASSIFICATION NUMBER
Classification number 77.34
Number source bcl
084 ## - OTHER CLASSIFICATION NUMBER
Classification number 79.63
Number source bcl
100 1# - MAIN ENTRY--PERSONAL NAME
Personal name Tennant, Mark.
9 (RLIN) 11772
245 10 - TITLE STATEMENT
Title Psychology and adult learning /
Statement of responsibility, etc. Mark Tennant.
250 ## - EDITION STATEMENT
Edition statement 3rd ed.
260 ## - PUBLICATION, DISTRIBUTION, ETC.
Place of publication, distribution, etc. London ;
-- New York :
Name of publisher, distributor, etc. Routledge,
Date of publication, distribution, etc. 2006.
300 ## - PHYSICAL DESCRIPTION
Extent x, 166 p. ;
Dimensions 24 cm.
504 ## - BIBLIOGRAPHY, ETC. NOTE
Bibliography, etc. note Includes bibliographical references (p. [142]-160) and index.
650 #0 - SUBJECT ADDED ENTRY--TOPICAL TERM
Topical term or geographic name entry element Adulthood
General subdivision Psychological aspects.
9 (RLIN) 11745
650 #0 - SUBJECT ADDED ENTRY--TOPICAL TERM
Topical term or geographic name entry element Adult learning.
9 (RLIN) 11773
650 #0 - SUBJECT ADDED ENTRY--TOPICAL TERM
Topical term or geographic name entry element Learning, Psychology of.
9 (RLIN) 11774
650 #0 - SUBJECT ADDED ENTRY--TOPICAL TERM
Topical term or geographic name entry element Psychology.
9 (RLIN) 5829
650 12 - SUBJECT ADDED ENTRY--TOPICAL TERM
Topical term or geographic name entry element Learning.
9 (RLIN) 6488
650 22 - SUBJECT ADDED ENTRY--TOPICAL TERM
Topical term or geographic name entry element Psychology.
9 (RLIN) 5829
856 41 - ELECTRONIC LOCATION AND ACCESS
Materials specified Table of contents
Uniform Resource Identifier <a href="http://www.loc.gov/catdir/toc/ecip059/2005007835.html">http://www.loc.gov/catdir/toc/ecip059/2005007835.html</a>
856 42 - ELECTRONIC LOCATION AND ACCESS
Materials specified Publisher description
Uniform Resource Identifier <a href="http://www.loc.gov/catdir/enhancements/fy0659/2005007835-d.html">http://www.loc.gov/catdir/enhancements/fy0659/2005007835-d.html</a>
906 ## - LOCAL DATA ELEMENT F, LDF (RLIN)
a 7
b cbc
c orignew
d 1
e ecip
f 20
g y-gencatlg
942 ## - ADDED ENTRY ELEMENTS (KOHA)
Source of classification or shelving scheme Dewey Decimal Classification
Koha item type Books like text book referance book
Suppress in OPAC No
Holdings
Withdrawn status Lost status Source of classification or shelving scheme Damaged status Not for loan Home library Current library Shelving location Date acquired Total Checkouts Full call number Barcode Date last seen Copy number Price effective from Koha item type
    Dewey Decimal Classification     Social Library Social Library General Stacks 10/08/2021   155.6/TEN SHLIB000000906 10/08/2021 1 10/08/2021 Books like text book referance book
    Dewey Decimal Classification     Social Library Social Library General Stacks 10/08/2021   155.6/TEN SHLIB00000905 10/08/2021 2 10/08/2021 Books like text book referance book